Entry Personal Name
Number of records used in: 1
001 - CONTROL NUMBER
003 - CONTROL NUMBER IDENTIFIER
005 - DATE AND TIME OF LATEST TRANSACTION
- control field:
20230215144833.0
008 - FIXED-LENGTH DATA ELEMENTS
- fixed length control field:
230215|| aca||aabn | a|a d
040 ## - CATALOGING SOURCE
- Original cataloging agency:
JRU
- Transcribing agency:
JRU
100 ## - HEADING--PERSONAL NAME
670 ## - SOURCE DATA FOUND
- Source citation:
Work cat.: (JRU)8230: SURESH ,B , A TEXT BOOK OF FORENSIC PHARMACY (PHARMACEUTICAL JURISPRUDENCE ), 2020-2021